[Event "Sydney op-B"]
[Site "Parramatta"]
[Date "2010.04.09"]
[Round "6"]
[White "Nakauchi, Kenji"]
[Black "Stahnke, Axel"]
[Result "0-1"]
[WhiteElo "1262"]
[BlackElo "1412"]
[PlyCount "92"]
[EventDate "2010.04.07"]
[EventType "swiss"]
[EventRounds "9"]
[EventCountry "AUS"]
[SourceTitle "EXT 2012"]
[Source "ChessBase"]
[SourceDate "2011.11.24"]
[SourceVersion "1"]
[SourceVersionDate "2011.11.24"]
[SourceQuality "1"]

1. d4 Nf6 2. c4 c6 3. Nc3 e6 4. e3 d5 5. Bd3 Nbd7 6. Nf3 Bd6 7. 0-0 0-0 8. cxd5 exd5 9. Qc2 Re8 10. Re1 Nf8 11. Bd2 Bg4 12. Be2 Ne4 13. h3 Bh5 14. Rad1 Bg6 15. Bd3 Rc8 16. Qb3 Qe7 17. Be2 f5 18. Bc1 Bf7 19. Nd2 Nxf2 20. Kxf2 Qxe3+ 21. Kf1 Qxd4 22. Nde4 Qe5 23. Nxd6 Qxd6 24. Qxb7 Qh2 25. Qxa7 Ng6 26. Qg1 Qd6 27. Qf2 c5 28. Kg1 d4 29. b3 Qf6 30. Nb5 Bd5 31. Bf3 Bf7 32. Rxe8+ Rxe8 33. Qc2 Qb6 34. Na3 Ne5 35. Qxf5 Qa7 36. Nb5 Qb6 37. Be2 d3 38. Bxd3 c4+ 39. Kh1 Nxd3 40. Nc3 Nf2+ 41. Kh2 Nxd1 42. Nxd1 Qd6+ 43. Qf4 Qxd1 44. bxc4 Qc2 45. Qg5 Qxc4 46. Bb2 Qc7+ 0-1

[Event "AUS-ch Minor"]
[Site "Cammeray"]
[Date "2010.01.10"]
[Round "8"]
[White "Nakauchi, Kenji"]
[Black "Stahnke, Axel"]
[Result "0-1"]
[WhiteElo "1093"]
[BlackElo "1400"]
[PlyCount "158"]
[EventDate "2010.01.02"]
[EventType "swiss"]
[EventRounds "11"]
[EventCountry "AUS"]
[SourceTitle "EXT 2011"]
[Source "ChessBase"]
[SourceDate "2010.11.26"]
[SourceVersion "1"]
[SourceVersionDate "2010.11.26"]
[SourceQuality "1"]

1. d4 Nf6 2. c4 g6 3. Nf3 Bg7 4. g3 d6 5. Nc3 0-0 6. Bg2 c6 7. 0-0 Nbd7 8. h3 Qb6 9. e4 Nh5 10. d5 Ne5 11. Nxe5 Bxe5 12. Kh2 Bg7 13. Qb3 Qxb3 14. axb3 a6 15. Re1 c5 16. Be3 f5 17. exf5 gxf5 18. Bg5 Bf6 19. Bxf6 exf6 20. Bf3 Ng7 21. Ne2 Bd7 22. Nf4 Rfe8 23. Nh5 Nxh5 24. Bxh5 Re5 25. f4 Re4 26. Rxe4 fxe4 27. Re1 f5 28. g4 Kg7 29. Kg3 h6 30. gxf5 Bxf5 31. Bg4 Kf6 32. Kf2 Rh8 33. Rg1 Rb8 34. Ra1 Re8 35. Ke3 Rg8 36. Kf2 Bxg4 37. Rg1 Kf5 38. Ke3 h5 39. Rg2 Rg6 40. hxg4+ Rxg4 41. Rh2 Rg3+ 42. Kf2 Rf3+ 43. Ke2 Kg4 44. Rg2+ Kxf4 45. Rg6 Rxb3 46. Rxd6 Rxb2+ 47. Ke1 Ke3 48. Kf1 b5 49. Rg6 Rf2+ 50. Ke1 Rf7 51. Rd6 Kd4 52. Rd8 Kxc4 53. d6 b4 54. Re8 Rd7 55. Rxe4+ Kd5 56. Rh4 Rxd6 57. Rxh5+ Kc4 58. Rh4+ Kb5 59. Rh3 a5 60. Rb3 a4 61. Rb2 a3 62. Ra2 Ka4 63. Rf2 c4 64. Rc2 Rd4 65. Ke2 b3 66. Rc1 b2 67. Rb1 Kb3 68. Rf1 a2 69. Rf3+ c3 70. Ke3 Rd2 71. Rf8 Kc2 72. Ra8 b1Q 73. Ra4 Qe1+ 74. Kf4 Rf2+ 75. Kg5 Qe5+ 76. Kg4 Qf5+ 77. Kg3 Rf3+ 78. Kg2 Qh3+ 79. Kg1 Rf1# 0-1